000
00303nam a22001217a 4500
020
_a
81-85095-00-0
082
_a
621.3815287 RAM'I
100
_a
RAMOMOORTY, M
_9
57461
245
_a
AN INTRODUCTION TO THYRISTORS AND THEIR APPLICATIONS
260
_a
MADRAS
_b
EWP
_c
1977
300
_a
312P
942
_c
BK
999
_c
567738
_d
567738